| 000 | 00408 a2200133 4500 | ||
|---|---|---|---|
| 000 | nam a22 7a 4500 | ||
| 020 | _a9789391123550 | ||
| 100 | _aShubham Kevaliya | ||
| 110 | _aShubham Kevaliya | ||
| 245 | _aकलिंग एवं द्रविड़ स्थापत्य कला | ||
| 260 |
_bB.R. Publishing Corporation _c2023 |
||
| 264 |
_bB.R. Publishing Corporation _c2023 |
||
| 942 | _cBK | ||
| 999 |
_c394764 _d394764 |
||